Загрузка...

നെല്ല്

Библиографические подробности
Главные авторы: പി വത്സല, P Valsala
Формат: Printed Book
Опубликовано: Kottayam; D C Books; 2008
Редактирование:6th /1st (1995)
Предметы:
LEADER 00881nam a22002057a 4500
020 |a 81-713-0452-4 
082 |a 894.M3  |b VAL/N P8 
100 |a പി വത്സല;  |9 5601 
100 |a P Valsala  |9 3453 
240 |a Nellu 
245 |a നെല്ല് 
250 |a 6th /1st (1995) 
260 |a Kottayam;  |b D C Books;  |c 2008 
300 |a 342p. 
650 |a മലയാളം; മലയാളം നോവല്‍  |9 3 
650 |a Malayalam; Malayalam Novel; Literature; Malayalam Fiction; Vatsala  |9 3486 
942 |c BK 
999 |c 31550  |d 31550 
952 |0 0  |1 0  |4 0  |6 894_000000000000000_M3_VAL_N_P8  |7 0  |8 FIC  |9 34673  |a MAL  |b MAL  |d 2015-05-06  |e T114  |g 160.00  |l 0  |o 894.M3 VAL/N P8  |p MALT000114  |r 2015-05-06  |t 1  |w 2015-05-06  |y BK 
952 |0 0  |1 0  |4 0  |6 894_000000000000000_M3_VAL_N_P81  |7 0  |8 FIC  |9 34674  |a MAL  |b MAL  |d 2015-06-19  |e 41635  |g 160.00  |l 0  |o 894.M3 VAL/N P8;1  |p MAL041635  |r 2015-06-19  |t 2  |w 2015-06-19  |y BK